[Event "WchT Seniors 50"]
[Site "Rhodes"]
[Date "2019.04.21"]
[Round "6.7"]
[White "Viljava, Tapani"]
[Black "Gamback, Bjorn"]
[Result "1/2-1/2"]
[WhiteElo "2159"]
[BlackElo "2101"]
[PlyCount "52"]
[EventDate "2019.04.16"]
[EventType "team-swiss"]
[EventRounds "9"]
[EventCountry "GRE"]
[SourceTitle "CBM 190 Extra"]
[Source "ChessBase"]
[SourceDate "2019.07.15"]
[SourceVersion "1"]
[SourceVersionDate "2019.07.15"]
[SourceQuality "1"]
[WhiteTeam "Finland"]
[BlackTeam "Sweden"]
[WhiteTeamCountry "FIN"]
[BlackTeamCountry "SWE"]

1. c4 c5 2. g3 g6 3. Bg2 Bg7 4. Nc3 Nc6 5. a3 a5 6. e3 d6 7. Nge2 Nf6 8. 0-0 0-0 9. d4 cxd4 10. exd4 Bf5 11. h3 h5 12. Bg5 Rc8 13. b3 Nb8 14. Nf4 Nh7 15. Bh4 g5 16. Nxh5 gxh4 17. Nxg7 Kxg7 18. g4 Bg6 19. Bxb7 Rc7 20. Bg2 e6 21. Nb5 Rd7 22. f4 f5 23. Qe1 Nf6 24. Qxh4 Ne4 25. Qe1 Qb6 26. a4 Nc6 1/2-1/2

[Event "FIN-chT 1819"]
[Site "Finland"]
[Date "2018.11.10"]
[Round "3.6"]
[White "Varpanen, Jan"]
[Black "Viljava, Tapani"]
[Result "1-0"]
[WhiteElo "2117"]
[BlackElo "2161"]
[PlyCount "113"]
[EventDate "2018.09.15"]
[EventType "team-tourn"]
[EventRounds "11"]
[EventCountry "FIN"]
[SourceTitle "CBM 187 Extra"]
[Source "ChessBase"]
[SourceDate "2018.11.04"]
[SourceVersion "1"]
[SourceVersionDate "2018.11.04"]
[SourceQuality "1"]
[WhiteTeam "Sastamala VammSK"]
[BlackTeam "Helsinki KS 58"]
[WhiteTeamCountry "FIN"]
[BlackTeamCountry "FIN"]

1. d4 Nf6 2. Nf3 e6 3. g3 b5 4. Bg2 Bb7 5. 0-0 c5 6. a4 b4 7. Bf4 Nc6 8. Nbd2 cxd4 9. Nb3 d5 10. a5 a6 11. Nfxd4 Bd6 12. Nxc6 Bxc6 13. Qd4 0-0 14. Nc5 Bxf4 15. Qxf4 Qb8 16. Qd2 Qb5 17. Nd3 Rab8 18. Rfc1 Rfd8 19. Qe1 Ne4 20. e3 Ba8 21. Bf1 d4 22. Bg2 Qf5 23. h4 Nc5 24. Bxa8 Nxd3 25. cxd3 Rxa8 26. e4 Qb5 27. Rc4 Rac8 28. Qxb4 Rxc4 29. Qxb5 axb5 30. dxc4 bxc4 31. a6 Ra8 32. Rc1 c3 33. bxc3 Rxa6 34. cxd4 Kf8 35. g4 Ra7 36. Rd1 Ke7 37. Kg2 Ra3 38. f3 h6 39. Kf2 g6 40. Ke2 Rb3 41. Rd2 Rb1 42. Kf2 Rh1 43. Kg3 Kd6 44. Ra2 Ke7 45. g5 hxg5 46. hxg5 Rd1 47. Ra6 Ke8 48. Ra4 Rd3 49. Kf4 Ke7 50. Ra7+ Kf8 51. Ra4 Ke7 52. Rb4 Kf8 53. Kg3 Rd2 54. f4 Re2 55. Kf3 Re1 56. d5 Rd1 57. Ke2 1-0

[Event "EU-chT Seniors 50"]
[Site "Walbrzych"]
[Date "2018.04.21"]
[Round "8.2"]
[White "Puroila, Sippo"]
[Black "Viljava, Tapani"]
[Result "1-0"]
[WhiteElo "1838"]
[BlackElo "2162"]
[PlyCount "75"]
[EventDate "2018.04.14"]
[EventType "team-swiss"]
[EventRounds "9"]
[EventCountry "POL"]
[SourceTitle "CBM 184 Extra"]
[Source "ChessBase"]
[SourceDate "2018.06.28"]
[SourceVersion "1"]
[SourceVersionDate "2018.06.28"]
[SourceQuality "1"]
[WhiteTeam "Finland Cone Guard 50"]
[BlackTeam "Finland Culture Chess 50"]
[WhiteTeamCountry "FIN"]
[BlackTeamCountry "FIN"]

1. Nf3 c5 2. c4 g6 3. g3 Bg7 4. Bg2 Nc6 5. Nc3 e6 6. e3 Nge7 7. d4 cxd4 8. Nxd4 a6 9. 0-0 0-0 10. Rb1 Re8 11. a3 d5 12. Nxc6 bxc6 13. cxd5 cxd5 14. Bd2 a5 15. Re1 Ba6 16. Bf1 Bxf1 17. Kxf1 Nc6 18. Nb5 Qd7 19. Qe2 a4 20. b3 Reb8 21. bxa4 Rxa4 22. Rb3 Ne5 23. Reb1 Nc4 24. Bc1 Raa8 25. e4 h5 26. h4 Rc8 27. Kg1 Ra5 28. Bf4 e5 29. Bd2 Raa8 30. Be1 Kh7 31. Nc3 Nxa3 32. Rb7 Qe8 33. R1b6 Nc4 34. Nxd5 Nxb6 35. Nxb6 Qc6 36. Nxc8 Qxb7 37. Nd6 Qc7 38. Nb5 1-0

[Event "FIN-chT 1718"]
[Site "Finland"]
[Date "2018.02.03"]
[Round "7.4"]
[White "Viljava, Tapani"]
[Black "Kekki, Petri"]
[Result "1/2-1/2"]
[WhiteElo "2156"]
[BlackElo "2350"]
[PlyCount "77"]
[EventDate "2017.09.16"]
[EventType "team-tourn"]
[EventRounds "11"]
[EventCountry "FIN"]
[SourceTitle "EXT 2019"]
[Source "ChessBase"]
[SourceDate "2018.10.10"]
[SourceVersion "1"]
[SourceVersionDate "2018.10.10"]
[SourceQuality "1"]
[WhiteTeam "Helsinki KS 58"]
[BlackTeam "Espoo MatSK"]
[WhiteTeamCountry "FIN"]
[BlackTeamCountry "FIN"]

1. e4 e6 2. d4 d5 3. Nc3 Bb4 4. e5 b6 5. Qg4 Bf8 6. h4 Qd7 7. a4 Nc6 8. Be3 Nge7 9. Nh3 Bb7 10. Nf4 Nf5 11. Nd3 h5 12. Qf4 0-0-0 13. Ne2 Be7 14. g3 f6 15. exf6 gxf6 16. Bh3 Bd6 17. Qf3 Nce7 18. Nef4 Kb8 19. Nxh5 e5 20. Ng7 e4 21. Bxf5 Nxf5 22. Qxf5 Qxg7 23. Nf4 Bc8 24. Qg6 Qe7 25. Nxd5 Bb4+ 26. Nxb4 Qxb4+ 27. Kf1 Qc4+ 28. Kg2 Qe6 29. d5 Rxd5 30. h5 Ba6 31. Rh4 Rdd8 32. Rf4 Rdf8 33. h6 Qe5 34. c3 Bc8 35. a5 Rhg8 36. Qh7 Rh8 37. Qg7 Rhg8 38. Qh7 Rh8 39. Qg7 1/2-1/2

[Event "Helsinki Mestaruus M 2017"]
[Site "Helsinki"]
[Date "2016.12.29"]
[Round "3"]
[White "Viljava, Tapani"]
[Black "Mansner, Harry"]
[Result "1/2-1/2"]
[WhiteElo "2181"]
[BlackElo "2295"]
[PlyCount "88"]
[EventDate "2016.12.27"]
[EventType "tourn"]
[EventRounds "9"]
[EventCountry "FIN"]
[SourceTitle "EXT 2022"]
[Source "ChessBase"]
[SourceDate "2021.10.06"]
[SourceVersion "1"]
[SourceVersionDate "2021.10.06"]
[SourceQuality "1"]

1. e4 e6 2. d4 d5 3. Nc3 Bb4 4. e5 c5 5. a3 Bxc3+ 6. bxc3 Ne7 7. Qg4 0-0 8. Bd3 Nbc6 9. Bg5 Qa5 10. Ne2 Ng6 11. 0-0 Qa4 12. h3 c4 13. Bxg6 fxg6 14. Ra2 Bd7 15. Rb1 b6 16. h4 Qa6 17. Ng3 Qc8 18. h5 gxh5 19. Nxh5 Qe8 20. Be3 Qf7 21. f3 Kh8 22. Kf2 Ne7 23. Rh1 Be8 24. Nf4 Nf5 25. Qh3 h6 26. Bd2 g5 27. Ne2 Qg6 28. Qg4 Kg7 29. Kg1 Rg8 30. f4 Kf7 31. fxg5 hxg5 32. Rh5 Ba4 33. Qxg5 Qxg5 34. Rxg5 Rh8 35. Ng3 Nxg3 36. Rxg3 Rag8 37. Rxg8 Rxg8 38. Kf2 Kg6 39. Ra1 Bxc2 40. Rh1 Be4 41. Rh6+ Kf7 42. g3 Rg6 43. Rh8 Rg8 44. Rxg8 Kxg8 1/2-1/2

[Event "FIN-chT 1617"]
[Site "Finland"]
[Date "2016.12.11"]
[Round "6.4"]
[White "Koykka, Pekka"]
[Black "Viljava, Tapani"]
[Result "1-0"]
[WhiteElo "2312"]
[BlackElo "2200"]
[PlyCount "67"]
[EventDate "2016.09.17"]
[EventType "team-tourn"]
[EventRounds "11"]
[EventCountry "FIN"]
[SourceTitle "EXT 2018"]
[Source "ChessBase"]
[SourceDate "2017.10.13"]
[SourceVersion "1"]
[SourceVersionDate "2017.10.13"]
[SourceQuality "1"]
[WhiteTeam "Tampere Tammer"]
[BlackTeam "Helsinki KS 58"]
[WhiteTeamCountry "FIN"]
[BlackTeamCountry "FIN"]

1. d4 Nf6 2. Bg5 e6 3. e4 h6 4. Bxf6 Qxf6 5. Nc3 d6 6. Qd2 g5 7. Nge2 b6 8. Qe3 Bb7 9. g3 Bg7 10. 0-0-0 Qe7 11. f4 Nd7 12. Bh3 0-0-0 13. Rhf1 Kb8 14. Kb1 c5 15. Rd2 Nf6 16. Rfd1 gxf4 17. gxf4 h5 18. e5 dxe5 19. dxe5 Ng4 20. Qg3 Rxd2 21. Rxd2 f6 22. exf6 Bxf6 23. Bxg4 hxg4 24. Qxg4 a6 25. Qg3 Ka7 26. a3 Qh7 27. Rd6 Qf5 28. Na4 b5 29. Nac3 Rh3 30. Qf2 Rf3 31. Qg1 Kb8 32. Qg8+ Ka7 33. Rd7 Rf1+ 34. Ka2 1-0

[Event "Heart of Finland op 26th"]
[Site "Jyvaskyla"]
[Date "2016.07.22"]
[Round "7"]
[White "Viljava, Tapani"]
[Black "Niemi, Kalle"]
[Result "0-1"]
[WhiteElo "2214"]
[BlackElo "2323"]
[PlyCount "70"]
[EventDate "2016.07.18"]
[EventType "swiss"]
[EventRounds "9"]
[EventCountry "FIN"]
[SourceTitle "CBM 173 Extra"]
[Source "ChessBase"]
[SourceDate "2016.08.29"]
[SourceVersion "1"]
[SourceVersionDate "2016.08.29"]
[SourceQuality "1"]

1. e4 c5 2. Nf3 Nc6 3. Bb5 Nf6 4. Nc3 Qc7 5. 0-0 a6 6. Bxc6 dxc6 7. d3 e5 8. Be3 Bg4 9. h3 Bh5 10. g4 Bg6 11. Nh4 0-0-0 12. Qe1 Nd7 13. f3 Bd6 14. Qf2 f6 15. a3 Bf7 16. Na4 Qa5 17. b3 g6 18. Nb2 h5 19. b4 cxb4 20. axb4 Qc7 21. Rfb1 hxg4 22. hxg4 Rh7 23. Ng2 Rdh8 24. Kf1 f5 25. g5 f4 26. Bc5 Bxc5 27. bxc5 Qd8 28. d4 exd4 29. Nxf4 Qxg5 30. Ng2 Qxc5 31. Qd2 Ne5 32. Na4 Nxf3 33. Qf4 Qc4+ 34. Kf2 Qxc2+ 35. Kxf3 Rh3+ 0-1

[Event "Heart of Finland op 26th"]
[Site "Jyvaskyla"]
[Date "2016.07.21"]
[Round "5"]
[White "Luukkonen, Tommi"]
[Black "Viljava, Tapani"]
[Result "1-0"]
[WhiteElo "2377"]
[BlackElo "2214"]
[PlyCount "37"]
[EventDate "2016.07.18"]
[EventType "swiss"]
[EventRounds "9"]
[EventCountry "FIN"]
[SourceTitle "CBM 173 Extra"]
[Source "ChessBase"]
[SourceDate "2016.08.29"]
[SourceVersion "1"]
[SourceVersionDate "2016.08.29"]
[SourceQuality "1"]

1. d4 Nf6 2. c4 e6 3. Nc3 Bb4 4. e3 b6 5. Nge2 Ne4 6. f3 Bxc3+ 7. bxc3 Nd6 8. Ng3 Nc6 9. e4 Qh4 10. Bd3 Ba6 11. e5 Nxc4 12. f4 0-0-0 13. Qe2 N6a5 14. 0-0 d6 15. exd6 cxd6 16. f5 Rhe8 17. fxe6 fxe6 18. Rf7 Kb8 19. Ne4 1-0

[Event "Heart of Finland op 26th"]
[Site "Jyvaskyla"]
[Date "2016.07.21"]
[Round "6"]
[White "Viljava, Tapani"]
[Black "Seppala, Aki"]
[Result "1-0"]
[WhiteElo "2214"]
[BlackElo "2053"]
[PlyCount "93"]
[EventDate "2016.07.18"]
[EventType "swiss"]
[EventRounds "9"]
[EventCountry "FIN"]
[SourceTitle "CBM 173 Extra"]
[Source "ChessBase"]
[SourceDate "2016.08.29"]
[SourceVersion "1"]
[SourceVersionDate "2016.08.29"]
[SourceQuality "1"]

1. e4 e5 2. Nf3 Nc6 3. Bb5 a6 4. Ba4 Nf6 5. d3 d6 6. c4 h6 7. 0-0 g6 8. Nc3 Bg7 9. h3 0-0 10. Be3 Qe7 11. Rc1 Be6 12. Nd5 Qd8 13. Qd2 Kh7 14. Nxf6+ Qxf6 15. Bxc6 bxc6 16. Ng5+ hxg5 17. Bxg5 Bh6 18. Bxh6 Rh8 19. Bg5 Qg7 20. f4 f6 21. Bh4 exf4 22. Qxf4 g5 23. Qxf6 gxh4 24. Qxe6 Raf8 25. Rf5 Rxf5 26. Qxf5+ Kg8 27. Qe6+ Qf7 28. Qxf7+ Kxf7 29. Rf1+ Ke6 30. Rf5 Rg8 31. d4 Rg3 32. d5+ cxd5 33. cxd5+ Kd7 34. Rf3 Rg7 35. Kf2 c6 36. Rb3 Kc7 37. Ra3 cxd5 38. Rxa6 Kb7 39. Rxd6 dxe4 40. Re6 Rf7+ 41. Ke1 Rg7 42. Kf1 Rf7+ 43. Kg1 Rf4 44. Rg6 e3 45. Re6 Rf2 46. Rxe3 Rxb2 47. Rb3+ 1-0

[Event "Heart of Finland op 26th"]
[Site "Jyvaskyla"]
[Date "2016.07.19"]
[Round "3"]
[White "Kiik, Kalle"]
[Black "Viljava, Tapani"]
[Result "1-0"]
[WhiteElo "2393"]
[BlackElo "2214"]
[PlyCount "150"]
[EventDate "2016.07.18"]
[EventType "swiss"]
[EventRounds "9"]
[EventCountry "FIN"]
[SourceTitle "CBM 173 Extra"]
[Source "ChessBase"]
[SourceDate "2016.08.29"]
[SourceVersion "1"]
[SourceVersionDate "2016.08.29"]
[SourceQuality "1"]

1. e4 c5 2. Nf3 Nc6 3. Bb5 e6 4. 0-0 Nge7 5. Nc3 Ng6 6. d4 cxd4 7. Nxd4 Qc7 8. Be3 a6 9. Bd3 Nxd4 10. Bxd4 Bc5 11. Bxc5 Qxc5 12. Kh1 0-0 13. f4 f6 14. Ne2 b5 15. Ng3 Bb7 16. Qg4 Rae8 17. h4 d5 18. h5 dxe4 19. Bxe4 f5 20. Qg5 h6 21. Qxg6 Bxe4 22. Nxe4 fxe4 23. c3 Re7 24. Rae1 e3 25. Rf3 Rf5 26. Rexe3 Rxh5+ 27. Kg1 Rf5 28. Kf2 Rf6 29. Qe4 Rd7 30. Kg3 Qh5 31. Rd3 Rd5 32. Rd4 Rg6+ 33. Kf2 Qh4+ 34. Kg1 Qg4 35. Rfd3 Rxd4 36. Rxd4 Qg3 37. Rd8+ Kh7 38. Rd2 h5 39. Rd3 Qg4 40. Qf3 Qf5 41. Re3 Qb1+ 42. Kh2 Rg4 43. Qe4+ Qxe4 44. Rxe4 e5 45. Rxe5 Rxf4 46. Rxh5+ Kg6 47. Rc5 Rf2 48. Rc6+ Kf5 49. Rxa6 Rxb2 50. Rb6 Rxa2 51. Rxb5+ Kg4 52. Rb4+ Kh5 53. Kh3 Ra3 54. Rh4+ Kg5 55. Rc4 Ra1 56. Rc5+ Kf4 57. g3+ Kf3 58. Rf5+ Ke3 59. Kg4 Rc1 60. Rc5 Ke4 61. Rc7 Ke5 62. Kg5 Ke6 63. g4 Kd6 64. Rc8 Rg1 65. Rg8 Rc1 66. Rxg7 Rxc3 67. Kg6 Ke6 68. Rf7 Rg3 69. Rf6+ Ke7 70. g5 Rg1 71. Rf2 Rg3 72. Kh6 Ra3 73. Kg7 Ke6 74. g6 Ra7+ 75. Kg8 Kd5 1-0

[Event "FIN-chT1A 1516"]
[Site "Finland"]
[Date "2016.03.12"]
[Round "8.5"]
[White "Viljava, Tapani"]
[Black "Satonen, Arto"]
[Result "1/2-1/2"]
[WhiteElo "2172"]
[BlackElo "2068"]
[PlyCount "161"]
[EventDate "2015.09.12"]
[EventType "team-tourn"]
[EventRounds "8"]
[EventCountry "FIN"]
[SourceTitle "EXT 2017"]
[Source "ChessBase"]
[SourceDate "2016.10.25"]
[SourceVersion "1"]
[SourceVersionDate "2016.10.25"]
[SourceQuality "1"]
[WhiteTeam "Helsinki KS 58"]
[BlackTeam "Sastamala VammSK"]
[WhiteTeamCountry "FIN"]
[BlackTeamCountry "FIN"]

1. g3 d5 2. Bg2 Nf6 3. Nf3 e6 4. 0-0 Be7 5. c4 0-0 6. b3 c5 7. Bb2 Nc6 8. e3 d4 9. exd4 cxd4 10. Re1 Qb6 11. d3 Re8 12. Nbd2 Bb4 13. a3 Bxd2 14. Nxd2 a5 15. Rc1 Qc5 16. Qf3 e5 17. h3 Be6 18. g4 h6 19. Qg3 Rac8 20. Bxc6 bxc6 21. Qxe5 Qxe5 22. Rxe5 c5 23. Rce1 Nd7 24. R5e2 Red8 25. f4 g6 26. Ne4 Rb8 27. Nd6 Nb6 28. Nb5 a4 29. Bc1 axb3 30. Rb2 Nxc4 31. dxc4 Bxc4 32. a4 Bxb5 33. axb5 Rxb5 34. Re5 Ra8 35. Kf2 Ra1 36. Bd2 Ra2 37. Bc1 Rba5 38. Ke1 Rxb2 39. Bxb2 Ra2 40. Re2 Kf8 41. Kd1 d3 42. Rd2 c4 43. Kc1 Ke7 44. Kb1 Kd7 45. Rd1 Kc6 46. Re1 Ra7 47. Re4 Kd5 48. Re5+ Kc6 49. Re4 Kb5 50. Bc3 Ra2 51. Bb2 Kb4 52. Re8 Ra6 53. Rb8+ Kc5 54. Bc3 Rc6 55. Rd8 Re6 56. Rc8+ Kd5 57. Rd8+ Ke4 58. Rd4+ Ke3 59. Rxc4 Rd6 60. Kc1 d2+ 61. Kd1 Kd3 62. Rc7 Rb6 63. Bb2 f5 64. Rc3+ Ke4 65. Rc4+ Kd3 66. Rc3+ Ke4 67. Rc4+ Kd3 68. Rd4+ Ke3 69. Rxd2 Kxf4 70. Ke2 fxg4 71. Rd4+ Kg3 72. hxg4 h5 73. gxh5 gxh5 74. Rd3+ Kg2 75. Rd4 Re6+ 76. Kd2 Rc6 77. Bc3 Rh6 78. Rb4 h4 79. Rxb3 h3 80. Be5 h2 81. Bxh2 1/2-1/2

[Event "Heart of Finland op 25th"]
[Site "Jyvaskyla"]
[Date "2015.07.19"]
[Round "9"]
[White "Viljava, Tapani"]
[Black "Froewis, Annika"]
[Result "1-0"]
[WhiteElo "2176"]
[BlackElo "2066"]
[PlyCount "69"]
[EventDate "2015.07.13"]
[EventType "swiss"]
[EventRounds "9"]
[EventCountry "FIN"]
[SourceTitle "CBM 167 Extra"]
[Source "ChessBase"]
[SourceDate "2015.09.14"]
[SourceVersion "1"]
[SourceVersionDate "2015.09.14"]
[SourceQuality "1"]

1. g3 d5 2. Bg2 e5 3. d3 c6 4. Nc3 Bd6 5. e4 d4 6. Nce2 c5 7. f4 Nc6 8. Nf3 Nge7 9. 0-0 0-0 10. f5 f6 11. g4 g6 12. Ng3 Kh8 13. Nh4 g5 14. Nf3 h6 15. h4 Ng8 16. Kf2 Kg7 17. Rh1 Be7 18. Bd2 Rb8 19. Rh3 b5 20. Bf1 Ba6 21. Be2 Kf7 22. hxg5 fxg5 23. Qh1 Qd6 24. Kg2 Ke8 25. Rf1 Rb6 26. Qh2 Nd8 27. Nh5 Nf7 28. Be1 Nf6 29. Ng7+ Kd7 30. Ne6 Nxg4 31. Qg3 Ne3+ 32. Kg1 Rc8 33. Rxh6 Nxh6 34. Nxe5+ Ke8 35. Bh5+ 1-0

[Event "Heart of Finland op 25th"]
[Site "Jyvaskyla"]
[Date "2015.07.14"]
[Round "2"]
[White "Viljava, Tapani"]
[Black "Kiik, Kalle"]
[Result "0-1"]
[WhiteElo "2176"]
[BlackElo "2374"]
[PlyCount "30"]
[EventDate "2015.07.13"]
[EventType "swiss"]
[EventRounds "9"]
[EventCountry "FIN"]
[SourceTitle "CBM 167 Extra"]
[Source "ChessBase"]
[SourceDate "2015.09.14"]
[SourceVersion "1"]
[SourceVersionDate "2015.09.14"]
[SourceQuality "1"]

1. c4 e5 2. Nc3 Nc6 3. g3 Nf6 4. Bg2 Bc5 5. e3 d5 6. Nxd5 Nxd5 7. cxd5 Nb4 8. a3 Nd3+ 9. Ke2 Bg4+ 10. f3 Qxd5 11. Qa4+ Bd7 12. e4 Qd6 13. Qc4 0-0-0 14. Nh3 Be6 15. Qc3 Qa6 0-1

[Event "Helsinki Harri Hurmeen 70 A"]
[Site "Helsinki"]
[Date "2015.06.07"]
[Round "5"]
[White "Viljava, Tapani"]
[Black "Hurme, Harri M"]
[Result "1-0"]
[WhiteElo "2136"]
[BlackElo "2177"]
[PlyCount "45"]
[EventDate "2015.06.07"]
[EventType "swiss"]
[EventRounds "5"]
[EventCountry "FIN"]
[SourceTitle "EXT 2022"]
[Source "ChessBase"]
[SourceDate "2021.10.06"]
[SourceVersion "1"]
[SourceVersionDate "2021.10.06"]
[SourceQuality "1"]

1. e4 e5 2. f4 exf4 3. Nf3 d6 4. d4 g5 5. h4 g4 6. Ng1 Bh6 7. Ne2 Qf6 8. Nbc3 Ne7 9. Qd2 Nbc6 10. g3 Bg7 11. Nb5 f3 12. Nf4 Kd8 13. Qd3 Nxd4 14. Nd5 Nxd5 15. Bg5 Nb4 16. Qc4 Nbxc2+ 17. Kf2 c6 18. Qxf7 cxb5 19. Qxg7 Qxg5 20. Qxh8+ Kc7 21. hxg5 Bd7 22. Qxa8 Nxa1 23. Bd3 1-0

[Event "Helsinki Harri Hurmeen 70 A"]
[Site "Helsinki"]
[Date "2015.06.06"]
[Round "2"]
[White "Jarvenpaa, Jari"]
[Black "Viljava, Tapani"]
[Result "1/2-1/2"]
[WhiteElo "2247"]
[BlackElo "2136"]
[PlyCount "130"]
[EventDate "2015.06.07"]
[EventType "swiss"]
[EventRounds "5"]
[EventCountry "FIN"]
[SourceTitle "EXT 2022"]
[Source "ChessBase"]
[SourceDate "2021.10.06"]
[SourceVersion "1"]
[SourceVersionDate "2021.10.06"]
[SourceQuality "1"]

1. e4 c5 2. c3 d5 3. exd5 Qxd5 4. d4 Nf6 5. Nf3 e6 6. Bd3 Be7 7. 0-0 0-0 8. Be3 Rd8 9. Qe2 Nc6 10. Rd1 Qh5 11. dxc5 Bxc5 12. Nbd2 Bxe3 13. Qxe3 b6 14. Nf1 Bb7 15. Ng3 Qh6 16. Qxh6 gxh6 17. Ne4 Nd5 18. g3 f5 19. Ned2 Nxc3 20. bxc3 Rxd3 21. Ne1 Rd7 22. Nb3 Rad8 23. Rxd7 Rxd7 24. Nf3 Rd3 25. Nfd4 Nxd4 26. Nxd4 Bd5 27. a4 Kf7 28. Nb5 Kf6 29. Nxa7 Rxc3 30. Nb5 Rd3 31. Nd6 Rb3 32. Nb5 e5 33. Rd1 Bf3 34. Ra1 Ke7 35. Na3 Rc3 36. Nb5 Rc4 37. Re1 Kd7 38. Ra1 Kc6 39. Kf1 Kc5 40. Nc7 Bc6 41. Na6+ Kd6 42. Rd1+ Ke7 43. Nc7 Rxa4 44. Nd5+ Bxd5 45. Rxd5 Ra5 46. Rd1 Rc5 47. Rb1 b5 48. Rb4 Kd7 49. Ke2 Kc7 50. Rh4 Rc6 51. Kd3 Kb6 52. Rh5 b4 53. Rxf5 b3 54. Rf8 Kb7 55. Rf7+ Ka6 56. Rf8 Kb7 57. Rf7+ Ka6 58. Rf8 b2 59. Rb8 Rb6 60. Rxb6+ Kxb6 61. Kc2 Kc5 62. Kxb2 Kd4 63. Kc2 Ke4 64. Kd2 Kf3 65. Ke1 h5 1/2-1/2

[Event "FIN-chT1A 1415"]
[Site "Finland"]
[Date "2014.11.15"]
[Round "3.4"]
[White "Sorvari, Jarmo"]
[Black "Viljava, Tapani"]
[Result "0-1"]
[WhiteElo "2025"]
[BlackElo "2173"]
[PlyCount "64"]
[EventDate "2014.09.27"]
[EventType "team-tourn"]
[EventRounds "7"]
[EventCountry "FIN"]
[SourceTitle "EXT 2017"]
[Source "ChessBase"]
[SourceDate "2016.10.25"]
[SourceVersion "1"]
[SourceVersionDate "2016.10.25"]
[SourceQuality "1"]
[WhiteTeam "Tampere Tammer II"]
[BlackTeam "Helsinki KS 58"]
[WhiteTeamCountry "FIN"]
[BlackTeamCountry "FIN"]

1. d4 d6 2. c4 e5 3. d5 f5 4. e4 fxe4 5. Nc3 Bf5 6. Nge2 Nf6 7. Ng3 Bg6 8. Bg5 Be7 9. h4 h5 10. Qc2 Nbd7 11. Ncxe4 Nxe4 12. Nxe4 Nc5 13. Bxe7 Qxe7 14. Bd3 Nxd3+ 15. Qxd3 0-0 16. g3 Qd7 17. 0-0 Qg4 18. Rae1 Rf4 19. f3 Qxg3+ 20. Nxg3 Bxd3 21. Rf2 Bxc4 22. Rd1 Bxa2 23. Ne4 a5 24. Ng5 Rd4 25. Rxd4 exd4 26. Ne6 c6 27. Rg2 Bxd5 28. Nc7 Rc8 29. Nxd5 cxd5 30. Rg5 Rc5 31. Rxh5 d3 32. Kf2 d4 0-1

[Event "Heart of Finland op 24th"]
[Site "Jyvaskyla"]
[Date "2014.07.13"]
[Round "9"]
[White "Syvalahti, Heikki"]
[Black "Viljava, Tapani"]
[Result "0-1"]
[WhiteElo "1993"]
[BlackElo "2186"]
[PlyCount "176"]
[EventDate "2014.07.07"]
[EventType "swiss"]
[EventRounds "9"]
[EventCountry "FIN"]
[SourceTitle "EXT 2019"]
[Source "ChessBase"]
[SourceDate "2018.10.10"]
[SourceVersion "1"]
[SourceVersionDate "2018.10.10"]
[SourceQuality "1"]

1. Nf3 c5 2. c4 g6 3. Nc3 Bg7 4. g3 Nc6 5. Bg2 e6 6. e3 Nge7 7. 0-0 Nf5 8. d3 0-0 9. e4 Nfd4 10. Nxd4 Nxd4 11. Ne2 Rb8 12. Be3 Nxe2+ 13. Qxe2 d6 14. Rad1 Qa5 15. b3 b5 16. Bf4 Qc7 17. Rfe1 e5 18. Bg5 Bd7 19. h4 h6 20. Be3 a5 21. Qd2 Kh7 22. Rb1 b4 23. Kh2 Qc8 24. Rf1 Ra8 25. f4 Ra7 26. Rf2 Be6 27. Rbf1 exf4 28. Bxf4 Qd7 29. Be3 Rc7 30. d4 cxd4 31. Bxd4 Be5 32. Be3 Qe7 33. Bf4 h5 34. Bh3 Bxh3 35. Kxh3 f6 36. Kh2 Rf7 37. Qe2 Kg7 38. Rf3 Rc5 39. Be3 Rc8 40. Bc1 Re8 41. Qd2 Rh8 42. Qd5 Qb7 43. Qd3 Rff8 44. Bf4 Rd8 45. Qe3 Rdf8 46. Rd1 Re8 47. Rd5 Qc7 48. Qd3 Bxf4 49. Rxf4 Rd8 50. Qd4 Qe7 51. Rf2 Rhe8 52. Rd2 Qxe4 53. Qxe4 Rxe4 54. c5 Kf7 55. cxd6 Re5 56. d7 Ke6 57. Rd6+ Ke7 58. Kg2 Re2+ 59. Rxe2+ Kxd6 60. Rd2+ Ke6 61. Kf3 Rxd7 62. Rc2 Ke5 63. Re2+ Kf5 64. Rc2 Rd3+ 65. Kf2 Ke5 66. Rc5+ Rd5 67. Rc2 Ke4 68. Ke2 g5 69. Rc4+ Kf5 70. Ke3 Re5+ 71. Kf3 Rd5 72. Ke3 Re5+ 73. Kf3 g4+ 74. Kf2 Kg6 75. Rc6 Rd5 76. Ke3 Rf5 77. Ra6 Rf3+ 78. Ke4 Rxg3 79. Rxa5 Rg2 80. Kf4 Rc2 81. Rb5 Rxa2 82. Rxb4 Rh2 83. Rb8 Rxh4 84. b4 Rh3 85. b5 Rf3+ 86. Ke4 Rb3 87. b6 g3 88. b7 Kg7 0-1